Districts of Berkshire - Statistics

General Stats
  • This quiz has been taken 60 times
  • The average score is 5 of 6
Answer Stats
status Answer % Correct
Unitary authority Reading
98%
Unitary authority Windsor and Maidenhead
83%
Unitary authority Slough
80%
Unitary authority Wokingham
75%
Unitary authority West Berkshire
68%
Unitary authority Bracknell Forest
48%
No matching quizzes found
Score Distribution
Percent of People with Each Score
Percentile by Number Answered
Your Score History
You have not taken this quiz